000 00570pam a2200205 a 4500
020 _c
040 _aMedical College Lib.
041 _aENG
_hENG
082 _a618.1
_bSPE
100 _aSperoff, L. et al. .
245 _aClinical Gynaec. Endocrinology And Infertility /
_c
_hTextual Documents
250 _a4th /
_b.
260 _a :
_bWillams & Wilkins ,
_c1989.
300 _a820-1632 ;
_c
365 _a1287=00
653 _aObst & Gynac
_aMedical Science
_aMedical Science
930 _a4050
999 _c4049
_d4049